Popularne numery rap/trap tygodnia 26.03-01.04 Spotify. - Statystyki

Ogólne statystyki
  • Ten quiz został rozwiązany 51 razy
  • Średni wynik to 16 z 30
Statystyki odpowiedzi
Wykonawca Odsłuchania Utwór % Poprawnych
Ekipa 863K 3KIPA
96%
Young Leosia 615K Szklanki
92%
Sobel 367K Bandyta
82%
Guzior, Oskar83 482K FALA
80%
Mata 1.04M Patoreakcja
80%
Wiatr, Sobel, Be Vis 448K Testarossa
78%
Alberto 353K Dwutakt
76%
Quebonafide, Daria Zawiałow 360K BUBBLETEA
72%
Janusz Walczuk 402K Janusz Walczuk
70%
Guzior 610K BLUEBERRY
68%
Chivas, White 2115 424K Mam Na Twarzy Krew I Tym Razem Nie Jest Sztuczna
66%
Reto 364K Billy Kid
64%
Kizo, Trill Pem 410K Fitness
64%
Sobel 381K Impreza
64%
Sobel 413K Alien
60%
Sobel 325K Kinol
56%
OIO 390K Moonwalk
54%
Hodak, 2K, Deemz 358K Oh No!
44%
Żabson 387K OBOK
42%
OIO 335K WMTB
42%
PRO8L3M 453K Fight Club
34%
PRO8L3M, Brodka 387K Żar
34%
Bedoes, Lanek 315K TOA$T /
32%
PRO8L3M 335K V
32%
PRO8L3M, Paluch, Luxon 379K A2
28%
PRO8L3M, Kaz Bałagane, Szpaku 435K GeForce
28%
PRO8L3M, Dawid Podsiadło, Duit 365K Freon
20%
PRO8L3M, Kukon, PIH, The Returners 313K Ziemia Obiecana
18%
PRO8L3M, CatchUp, Pezet 330K NASCAR
16%
PRO8L3M 298K Witamy, witamy, witamy
12%
Nie znaleziono quizów pasujących do podanych kryteriów
Rozkład punktacji
Procent ludzi z każdym wynikiem
Percentyl według liczby udzielonych odpowiedzi
Twoja historia wyników
Nie rozwiązałeś tego quizu